ნორმალური ფორმატი
MARC ფორმატი
ჩანაწერი Personal Name
ჩანაწერთა რაოდენობა, რომელიც გამოყენებულია: 1
001 - CONTROL NUMBER
- control field: 11207
003 - CONTROL NUMBER IDENTIFIER
- control field: GE_BSU
005 - DATE AND TIME OF LATEST TRANSACTION
- control field: 20210412123834.0
008 - FIXED-LENGTH DATA ELEMENTS
- fixed length control field: 210412|| aca||aabn | a|a d
040 ## - CATALOGING SOURCE
- Original cataloging agency: GE_BSU
- Transcribing agency: GE_BSU
100 ## - HEADING--PERSONAL NAME
- Personal name: James, Harold,
- Dates associated with a name: 1956-
670 ## - SOURCE DATA FOUND
- Source citation: Work cat.: (GE_BSU)0: James, Harold, 1956-, Making the European monetary union /, 2012.
